Top St. Johns players all time - Statistics

General Stats
  • This quiz has been taken 5 times
  • The average score is 6 of 66
Answer Stats
Hint Answer % Correct
1 Chris Mullin
100%
41 Joel Soriano
50%
46 Justin Simon
50%
2 Mark Jackson
50%
48 Marvin Clark
50%
18 Rj Luis
50%
13 Shamorie Ponds
50%
12 Bill wennington
25%
20 D'angelo Harrison
25%
7 Felipe Lopez
25%
17 Julian Champagnie
25%
40 Kadary Richmond
25%
60 Lj Figueroa
25%
3 Malik Sealy
25%
9 Maurice Harkless
25%
11 Sir'dominic pointer
25%
50 Aaron Scott
0%
64 Aaron Wheeler
0%
35 Alan seiden
0%
21 Al McGuire
0%
23 Billy Schaffer
0%
25 Boo Harvey
0%
24 Bootsy Thornton
0%
55 Bryce Hopkins
0%
19 Charles Minlend
0%
42 Daniss Jenkings
0%
61 Deivon Smith
0%
4 Dick Mcguire
0%
58 Dillon Mitchell
0%
22 D.J. Kennedy
0%
59 Durand Johnson
0%
28 Dwight Hardy
0%
65 Dylan Darling
0%
26 Erick Barkley
0%
33 Frank McGuire
0%
39 Harry Baykoff
0%
52 Ian Jackson
0%
6 Jayson Williams
0%
63 Jordan Dingle
0%
56 Joson Sanon
0%
53 Justin Brownlee
0%
47 Justin Burrell
0%
36 Lamont Hamilton
0%
49 Lamont Middleton
0%
15 Lavor Postell
0%
30 Marcus Hatten
0%
37 Max Zaslofsky
0%
31 Mel Davis
0%
5 Metta world peace
0%
44 Mustopha Heron
0%
62 Omar Cook
0%
66 Oziyah Sellers
0%
51 Paris Horne
0%
43 Phil Green iv
0%
38 Robert Werdann
0%
57 Ron Rowan
0%
45 Rowan Barrett
0%
34 Shawnelle Scott
0%
32 Shelton Jones
0%
10 Sonny Dove
0%
29 Tony Jackson
0%
8 Walter Berry
0%
14 Willie Glass
0%
54 Zeke Zawoluk
0%
27 Zendon Hamilton
0%
16 Zubj Ejifor
0%
No matching quizzes found
Score Distribution
Percent of People with Each Score
Percentile by Number Answered
Your Score History
You have not taken this quiz